| 000 | 00369nam a2200097Ia 4500 | ||
|---|---|---|---|
| 008 | 220204s9999 xx 000 0 und d | ||
| 082 |
_a631.96(235.512) _bPAT |
||
| 245 | 4 | _aThe Path to the hills: History of the plantations of Western Ghats, Southern India-A journey along the plantations and its tourist destinations | |
| 260 |
_aMundakayam _bStay Homes _c2011 |
||
| 942 | _cBK | ||
| 999 |
_c43009 _d43009 |
||